Stray thoughts on economic development of Pakistan; (Record no. 77370)

MARC details
000 -LEADER
fixed length control field 00709cam a22002531 4500
001 - CONTROL NUMBER
control field sa 68000658
003 - CONTROL NUMBER IDENTIFIER
control field DLC
005 - DATE AND TIME OF LATEST TRANSACTION
control field 20260227112426.0
008 - FIXED-LENGTH DATA ELEMENTS--GENERAL INFORMATION
fixed length control field 860918s1967 pk 000 0 eng
010 ## - LIBRARY OF CONGRESS CONTROL NUMBER
LC control number sa 68000658
025 ## - OVERSEAS ACQUISITION NUMBER
Overseas acquisition number PL480:P-E-1213
035 ## - SYSTEM CONTROL NUMBER
System control number (OCoLC)14232252
040 ## - CATALOGING SOURCE
Original cataloging agency DLC
Transcribing agency WaU
Modifying agency WaU
-- DLC
042 ## - AUTHENTICATION CODE
Authentication code premarc
043 ## - GEOGRAPHIC AREA CODE
Geographic area code a-pk---
050 00 - LIBRARY OF CONGRESS CALL NUMBER
Classification number HC440.5
Item number .H39
082 ## - DEWEY DECIMAL CLASSIFICATION NUMBER
Classification number 338.91/549
100 1# - MAIN ENTRY--PERSONAL NAME
Personal name Hasan, Mumtaz.
245 10 - TITLE STATEMENT
Title Stray thoughts on economic development of Pakistan;
Remainder of title selected speeches.
260 ## - PUBLICATION, DISTRIBUTION, ETC.
Place of publication, distribution, etc. [Karachi,
Name of publisher, distributor, etc. Economic Research Academy,
Date of publication, distribution, etc. 1967]
300 ## - PHYSICAL DESCRIPTION
Extent 137 p.
Dimensions 24 cm.
651 #0 - SUBJECT ADDED ENTRY--GEOGRAPHIC NAME
Geographic name Pakistan
General subdivision Economic policy.
650 #0 - SUBJECT ADDED ENTRY--TOPICAL TERM
Topical term or geographic name entry element Banks and banking
Geographic subdivision Pakistan.

No items available.

Powered by Koha